Potravinárstvo zaťažujú prebytočné výrobné kapacity

Výška hospodárskeho výsledku vybraných potravinárskych podnikov v r. 1999. So ziskom skončilo vlani 63 perc. firiem. Zvyšok firiem vykázal stratu. Ziskové a stratové potravinárske podniky. Úpadok konzervární. Hospodárske parametre vybranej vzorky výrobcov potravín v SR.

Guardado en:
Detalles Bibliográficos
Autor principal: Janků, Jana
Formato: Capítulo de libro
Lenguaje:eslovaco
Materias:
Etiquetas: Agregar Etiqueta
Sin Etiquetas, Sea el primero en etiquetar este registro!

MARC

LEADER 00000naa a2200000 4500
001 r038280
005 20230921105252.9
041 0 |a slo 
044 |a SK 
245 1 0 |a Potravinárstvo zaťažujú prebytočné výrobné kapacity  |c Jana Janků 
520 |a Výška hospodárskeho výsledku vybraných potravinárskych podnikov v r. 1999. So ziskom skončilo vlani 63 perc. firiem. Zvyšok firiem vykázal stratu. Ziskové a stratové potravinárske podniky. Úpadok konzervární. Hospodárske parametre vybranej vzorky výrobcov potravín v SR. 
610 2 0 |a potravinárstvo 
610 2 0 |a podnik 
610 2 0 |a zisk 
610 2 0 |a strata 
610 2 0 |a výsledok hospodársky 
610 2 0 |a potraviny 
610 2 0 |a výroba 
610 2 0 |a Slovensko 
610 2 0 |a 1999 
100 1 |a Janků, Jana